Wörter Dialekt - Statistiken

Allgemein
  • Dieses Quiz wurde 831 mal gespielt
  • Das Durchschnittsergebnis liegt bei 67 aus 96
Antwortstatistiken
Frage Kachel Select % Korrekt
Was bedeutet Ridderli? Ampel Nein
95%
Was bedeutet Happehappe? Bergspitze Nein
90%
Was bedeutet Zores? Haus Nein
90%
Was bedeutet Happehappe? Riesenrad Nein
90%
Was bedeutet Happehappe? Schwarzwälder Kirschtorte Nein
89%
Was bedeutet Zores? Vogel Nein
89%
Was bedeutet Zores? Sandalen Nein
88%
Was bedeutet Dachhos? Seerose Nein
88%
Was bedeutet Dachhos? Abschlepper Nein
87%
Was bedeutet Happehappe? Autopanne Nein
87%
Was bedeutet Ridderli? Wäscheleine Nein
87%
Was bedeutet Knallkööm? Katze Nein
86%
Was bedeutet Waaterlööper? Marmelade Nein
86%
Was bedeutet Bettsäächer? Nudelsuppe Nein
86%
Was bedeutet Waaterlööper? Couchtisch Nein
85%
Was bedeutet Dachhos? Eidechse Nein
85%
Was bedeutet Pelle? Gespräch Nein
85%
Was bedeutet Quadratratschn? Insekt Nein
85%
Was bedeutet Pelle? Pastor Nein
85%
Was bedeutet Pelle? Pistazien Nein
85%
Was bedeutet Happehappe? Pony Nein
85%
Was bedeutet Spritti? Ratte Nein
85%
Was bedeutet Knallkööm? Toaster Nein
85%
Was bedeutet Zores? Zitrone Nein
85%
Was bedeutet Daitsche? Dosenöffner Nein
84%
Was bedeutet Daitsche? Durst Nein
84%
Was bedeutet Pelle? Geldmünzen Nein
84%
Was bedeutet Spritti? Schweinebraten Nein
84%
Was bedeutet Freck? Toaster Nein
84%
Was bedeutet Daitsche? Bluse Nein
83%
Was bedeutet Heppe? Hund Nein
83%
Was bedeutet Daitsche? Oma Nein
83%
Was bedeutet Quadratratschn? Pflaume Nein
83%
Was bedeutet Quadratratschn? Schlechtes Geschenk Nein
83%
Was bedeutet Faunienchen? Spielzeug Auto Nein
83%
Was bedeutet Büddel? Waschmaschine Nein
83%
Was bedeutet Büddel? Apfelkuchen Nein
82%
Was bedeutet Pelle? Brei Nein
82%
Was bedeutet Balsch? Haustür Nein
82%
Was bedeutet Spritti? Schraubenzieher Nein
82%
Was bedeutet Quadratratschn? Wäscheklammer Nein
82%
Was bedeutet Faunienchen? Baumrinde Nein
81%
Was bedeutet Heppe? Johannisbeere Nein
81%
Was bedeutet Büddel? Kaffee Nein
81%
Was bedeutet Freck? Patentante Nein
81%
Was bedeutet Bettsäächer? Speicher Nein
81%
Was bedeutet Knallkööm? Traktor Nein
81%
Was bedeutet Büddel? Wippe Nein
81%
Was bedeutet Balsch? Stuhl Nein
80%
Was bedeutet Ridderli? Apfelpfannkuchen Nein
79%
Was bedeutet Pelle? Haut Ja
79%
Was bedeutet Bettsäächer? Sägespähne Nein
79%
Was bedeutet Büddel? Schnürsenkel Nein
79%
Was bedeutet Ridderli? Strampler für Babys Nein
79%
Was bedeutet Faunienchen? Trauzeuge Nein
79%
Was bedeutet Bettsäächer? Latzhose Nein
78%
Was bedeutet Balsch? Suppe Nein
78%
Was bedeutet Knallkööm? Kleinkind Nein
77%
Was bedeutet Waaterlööper? Wal Nein
77%
Was bedeutet Happehappe? Essen Ja
76%
Was bedeutet Spritti? Spritze Nein
76%
Was bedeutet Faunienchen? Untersetzer Nein
76%
Was bedeutet Dachhos? Nicht gebügelte Hose Nein
75%
Was bedeutet Ridderli? Kugelschreiber Nein
71%
Was bedeutet Büddel? Beutel Ja
70%
Was bedeutet Heppe? Bierkrug Nein
70%
Was bedeutet Balsch? Pfütze Nein
70%
Was bedeutet Waaterlööper? Uboot Nein
70%
Was bedeutet Balsch? Fisch Nein
69%
Was bedeutet Freck? Schwein Nein
69%
Was bedeutet Zores? Durcheinander Nein
63%
Was bedeutet Heppe? Hängematte Nein
62%
Was bedeutet Heppe? Liege Nein
61%
Was bedeutet Freck? Zelt Nein
61%
Was bedeutet Spritti? Kleines Auto Nein
59%
Was bedeutet Freck? Matsch Nein
59%
Was bedeutet Zores? Ärger Ja
58%
Was bedeutet Waaterlööper? Steg Nein
57%
Was bedeutet Faunienchen? Kaninchen Nein
55%
Was bedeutet Spritti? Alkoholiker Ja
50%
Was bedeutet Dachhos? Dachziegel Nein
48%
Was bedeutet Balsch? Kind Ja
45%
Was bedeutet Waaterlööper? Libelle Ja
37%
Was bedeutet Bettsäächer? Bettdecke Nein
36%
Was bedeutet Knallkööm? Feuerwerk Nein
36%
Was bedeutet Faunienchen? Marienkäfer Ja
36%
Was bedeutet Ridderli? Stück Schokolade Ja
33%
Was bedeutet Knallkööm? Sekt Ja
29%
Was bedeutet Daitsche? Fliegenklatsche Nein
27%
Was bedeutet Quadratratschn? Sehr große Schuhe Nein
25%
Was bedeutet Quadratratschn? Quasselstrippe Ja
22%
Was bedeutet Freck? Erkältung Ja
19%
Was bedeutet Dachhos? Eichhörnchen Ja
14%
Was bedeutet Heppe? Ziege Ja
13%
Was bedeutet Bettsäächer? Löwenzahn Ja
8%
Was bedeutet Daitsche? Puppe Ja
7%
Keine übereinstimmenden Quizze gefunden
Verteilung der Resultate
Anzahl Personen mit jedem Resultat
Perzentil nach korrekt beantworteten Fragen
Ihre Resultats-Entwicklung
Sie haben dieses Quiz noch nicht gespielt